000 00324nam a2200145 i 4500
001 bg
100 1 _aMACKE, W.
245 0 _aQuanten und Relativität /
_cW. Macke.
250 _aDurchges. Aufl.2.
260 _aLipsk,
_c1965.
040 _cBPK
041 _apol
942 _cKS
008 s pl f |000 0 pol
999 _c8576
_d8576
856 _uhttp://koha.tu.koszalin.pl/cgi-bin/koha/opac-detail.pl?biblionumber=8576
_yKatalog online BPK